Hướng dẫn trồng cây trong trang trại : Dứa - Đu Đủ

Đã lưu trong:
書目詳細資料
主要作者: Chu, Thị Thơm
格式: 圖書
語言:Undetermined
出版: Hà Nội Lao động 2005
主題:
標簽: 添加標簽
沒有標簽, 成為第一個標記此記錄!
Thư viện lưu trữ: Trung tâm Học liệu Trường Đại học Cần Thơ
LEADER 00567nam a2200205Ia 4500
001 CTU_100703
008 210402s9999 xx 000 0 und d
020 |c 10000 
082 |a 634.6 
082 |b Th463 
100 |a Chu, Thị Thơm 
245 0 |a Hướng dẫn trồng cây trong trang trại : 
245 0 |b Dứa - Đu Đủ 
245 0 |c Chu Thị Thơm 
260 |a Hà Nội 
260 |b Lao động 
260 |c 2005 
650 |a Subtropical fruits 
904 |i Hiếu 
980 |a Trung tâm Học liệu Trường Đại học Cần Thơ